000 00492nam a2200205Ia 4500
005 20240823023205.0
008 240823s9999||||xx |||||||||||||| ||und||
020 _a978-0-07024850-2
041 _aENGLISH
082 _A004.695 P8
100 _aAlex Shneyderman
245 0 _aFixed Mobile Convergence
250 _a1st
260 _c2008
_b"Tata Mcgraw Hill,New "
500 _aYES
650 _aMobile
_bElectronics
700 _a" Casati,Alessio"
942 _cBK
999 _c180954
_d180954